Personnages de Tintin au Tibet - Mort subite - Statistiques

Statistiques générales
  • Ce quiz a été pris 96 fois
  • Le résultat moyen est 4 sur 12
Answers on the Grid
Answers color-coded by a green-red scale on the quiz's grid according to % correct below.
Le capitaine Archibald Haddock
Dupond et Dupont
Le professeur Tryphon Tournesol
Bianca Castafiore
Roberto Rastapopoulos
Le général Alcazar
Nestor
Séraphin Lampion
Allan Thompson
Tchang Tchong Jen
Wang Jen-Ghié
Tchang Lin-Yi
Tchang (le chien)
Bunji Kuraki
Tharkey
Lobsang
Fan Se-Yeng
Foudre bénie
Grand Précieux
Canard-enroué
Henri Sanzot
Taupe-au-regard-perçant
Le yéti
Tcheng Li-Kin
Savoir infini
Le chat de Moulinsart
Madame-la-vache-qui-regarde-passer-les-trains
Mitsuhirato
 
Statistiques - réponses
Réponse % Correct
Le capitaine Archibald Haddock
91%
Le yéti
49%
Tchang Tchong Jen
47%
Tharkey
38%
Grand Précieux
36%
Foudre bénie
34%
Tchang Lin-Yi
32%
Le professeur Tryphon Tournesol
25%
Savoir infini
19%
Tchang (le chien)
19%
Lobsang
11%
Tcheng Li-Kin
6%
Aucun quiz correspondant
Distribution des résultats
% des personnes avec chaque résultat
Percentile par nombre de réponses
Votre historique - résultats
Vous n’avez pas pris ce quiz